| 000 | 00000nam 2200000zi 4500 |
| 001 | 9.940785 |
| 003 | CaOODSP |
| 005 | 20240913142105 |
| 006 | m o d f |
| 007 | cr mn||||||||| |
| 008 | 240719e202408 oncab ob f000 0 fre d |
| 020 | |a9780660728636 |
| 040 | |aCaOODSP|bfre|erda|cCaOODSP |
| 043 | |an-cn-ns|aln----- |
| 086 | 1 |aFs70-6/2024-044F-PDF |
| 245 | 00|aÉvaluation des projections du modèle sur deux ans pour la pêche du pétoncle dans la zone « A » du banc de Georges et le nord du banc de Browns. |
| 246 | 17|aPêche hauturière du pétoncle - projections sur 2 ans |
| 264 | 1|a[Ottawa] : |bSecrétariat canadien de consultation scientifique, |caoût 2024. |
| 264 | 4|c©2024 |
| 300 | |a1 ressource en ligne (16 pages) : |billustrations (principalement en couleur), carte en couleur. |
| 336 | |atexte|btxt|2rdacontent/fre |
| 337 | |ainformatique|bc|2rdamedia/fre |
| 338 | |aressource en ligne|bcr|2rdacarrier/fre |
| 490 | 1 |aAvis scientifique, |x1919-5117 ; |v2024/044 |
| 500 | |aPublié aussi en anglais sous le titre : Evaluation of two-year model projections for Georges Bank 'A' and Browns Bank North scallop fisheries. |
| 500 | |aTitre de depart. |
| 504 | |aComprend des références bibliographiques (pages 15-16). |
| 650 | 6|aPétoncle géant|zNouvelle-Écosse|zAtlantique, Côte de l'. |
| 650 | 6|aPétoncle géant|xPêche commerciale|zNouvelle-Écosse|zAtlantique, Côte de l'. |
| 650 | 6|aRessources halieutiques|xÉvaluation|zNouvelle-Écosse|zAtlantique, Côte de l'. |
| 710 | 2 |aSecrétariat canadien de consultation scientifique, |eorganisme de publication. |
| 710 | 1 |aCanada. |bMinistère des pêches et des océans. |bRégion des Maritimes, |eorganisme de publication. |
| 775 | 08|tEvaluation of two-year model projections for Georges Bank 'A' and Browns Bank North scallop fisheries.|w(CaOODSP)9.940784 |
| 830 | #0|aAvis scientifique (Secrétariat canadien de consultation scientifique)|v2024/044.|w(CaOODSP)9.502624 |
| 856 | 40|qPDF|s1.47 Mo|uhttps://publications.gc.ca/collections/collection_2024/mpo-dfo/fs70-6/Fs70-6-2024-044-fra.pdf |